00412pab a2200133 454500008004000000100002100040245011100061260000900172300001500181362000800196650001400204700001700218773004300235180718b2017 xxu||||| |||| 00| 0 eng d aDahlberg, Stefan aThe dynamics of the winner-loser gap in satisfaction with democracy: evidence from a Swedish citizen panel c2017 ap.625-641. aNov aDemocracy aLinde, Jonas aInternational Political Science Review